| 000 | 00457nam a2200157Ia 4500 | ||
|---|---|---|---|
| 008 | 230312s9999||||xx |||||||||||||| ||und|| | ||
| 020 | _a0-442-26104-7 | ||
| 082 |
_a621.3192 _bSHA-N |
||
| 100 | _aSharma,Roshan.Lal | ||
| 245 | 0 | _aNetwork Systems | |
| 260 |
_bCBS Publishers & Distributors _aIndia _c1988 |
||
| 300 | _a321 | ||
| 546 | _aEng. | ||
| 650 |
_aEngineering _vNetworking and their Attributes,Network Topology,Hierarcy and Architecture |
||
| 942 | _cBK | ||
| 999 |
_c1563 _d1563 |
||